| 000 | 01569nam a22002537a 4500 | ||
|---|---|---|---|
| 999 |
_c57198 _d57198 |
||
| 003 | Ge_BSU | ||
| 005 | 20210928104426.0 | ||
| 008 | 200110s2012ge xxu||||| |||| 00| 0 geo d | ||
| 020 | _a9789941181306 | ||
| 041 | _ageo | ||
| 080 | _a338.9+37 მ-40 | ||
| 100 |
_a მაღლაკელიძე, შორენა. _96068 |
||
| 245 |
_aსკოლის დაფინანსება : პრობლემების ანალიზი და მათი გადაჭრის გზები / _c შორენა მაღლაკელიძე ; ზურაბ გიორგობიანი ; ბერიკა შუკაკიძე ; მთარგმნ : ლანა ყურაშვილი; გვანცა თვალჭრელიძე. |
||
| 264 |
_aთბილისი : _bილიას სახელმწ. უნ-ტი, _c2012. |
||
| 300 |
_a310 გვ. : _b ცხრ. ; _c 20 სმ. |
||
| 504 | _aბიბლიოგრაფია: გვ.303-310 | ||
| 653 | _aგანათლების დაფინანსება | ||
| 653 | _a ზოგადსაგანმანათლებლო სკოლები | ||
| 700 |
_aგიორგობიანი, ზურაბ _96069 |
||
| 700 |
_aშუკაკიძე, ბერიკა _96070 |
||
| 700 |
_aყურაშვილი, ლანა _eმთარგმნელი _96071 |
||
| 700 |
_aთვალჭრელიძე, გვანცა _eმთარგმნელი _96072 |
||
| 942 |
_2udc _cBK |
||